000 01036nam a2200337 i 4500
003 EG-GICUC
005 20260415230618.0
008 260406s1981 As |||fr|||| 00| 0 eng d
020 _a0205072240
040 _aEG-GiCUC
_beng
_cEG-GiCUC
_dEG-GiCUC
_erda
082 0 4 _221
_a343.93
_bLE . C
092 0 4 _221
099 _aLaw1 10 343.93 LE . C 1981
100 1 _aLevie, Robert C.
_eAuthor.
245 1 0 _aCriminal Justice Report Writing /
_cRobert C. Levie, Lou E. Ballard.
264 1 _aBoston :
_bAllyn and Bacon,
_c1981.
264 3 _aThe United States of America
300 _a228 pages ;
_c24 cm.
336 _2rda content
_atext
337 _2rda media
_aComputer
338 _2rda carrier
_aOnline Resource
500 _aIndex
546 _aText in English
650 1 _aPolitique Criminelle
_2qrmak
650 1 _aCriminal Law
_2qrmak
651 1 _2qrmak
700 1 _aLou E. Ballard
_eAnnotator.
856 4 0 _uhttps://fll.law.cu.edu.eg/fulltext/bks/B10-09030.pdf
905 _a54
_eYara
942 _2ddc
_cBK
_e21
_n0
999 _c69247
_d69247